Desembarco de la CIA en nuestra América
Spremljeno u:
| Format: | Tekst |
|---|---|
| Oznake: |
Dodaj oznaku
Bez oznaka, Budi prvi tko označuje ovaj zapis!
|
MARC
| LEADER | 00000 a a2200000 04500 | ||
|---|---|---|---|
| 001 | 18191 | ||
| 003 | |||
| 040 | |||
| 245 | |a Desembarco de la CIA en nuestra América | ||
| 773 | |g número 5; páginas 38-42 | ||
| 999 | |c 40059 |d 40059 | ||
